La endemoniada de Santiago o, el demonio en la naturaleza i la naturaleza del demonio. Una monografía médico psicológica
Сохранить в:
| Главный автор: | |
|---|---|
| Формат: | |
| Язык: | испанский |
| Опубликовано: |
Santiago
Imprenta del Ferrocarril, calle de los Teatinos, Núm. 34
1857
|
| Редактирование: | 1a. ed |
| Предметы: | |
| Метки: |
Добавить метку
Нет меток, Требуется 1-ая метка записи!
|
MARC
| LEADER | 00000nam a2200000 a 4500 | ||
|---|---|---|---|
| 001 | UCJ7711 | ||
| 003 | CL-VaPUC | ||
| 008 | 070124e18570000CL |||||||||||||||||spa|d | ||
| 082 | 0 | 4 | |a 616 |b BRU |2 21 |
| 100 | 0 | |a Brunner, P. Juan |e author |9 516148 | |
| 245 | 1 | 3 | |a La endemoniada de Santiago o, el demonio en la naturaleza i la naturaleza del demonio. Una monografía médico psicológica |
| 250 | |a 1a. ed | ||
| 300 | |a 101 p | ||
| 942 | |c BK | ||
| 945 | |d 20070124 00:00:00 |a rinostro | ||
| 260 | |a Santiago |b Imprenta del Ferrocarril, calle de los Teatinos, Núm. 34 |c 1857 | ||
| 500 | |a Advierte errata | ||
| 650 | 0 | |a Psicología aplicada |9 270762 | |
| 650 | 0 | |a Crímenes |9 225419 | |
| 650 | 0 | |a Medicina forense |9 401322 | |
| 583 | |a last modification |c 20130101 10:09:09 |k Rodrigo Vera | ||
| 999 | |c 323672 |d 323670 | ||
| 952 | |0 0 |1 0 |4 0 |6 616_000000000000000_BRU_1857 |7 0 |8 X |9 403444 |a FDOBUD |b FDOBUD |d 2019-11-22 |i 1067176 |o 616 BRU 1857 |p 1067176 |r 2019-11-22 |w 2019-11-22 |y BK_X |k BUD | ||